Normal view MARC view

Entry Personal Name

Number of records used in: 1

001 - CONTROL NUMBER

  • control field: 633687

003 - CONTROL NUMBER IDENTIFIER

  • control field: OSt

005 - DATE AND TIME OF LATEST TRANSACTION

  • control field: 20221005123452.0

008 - FIXED-LENGTH DATA ELEMENTS

  • fixed length control field: 221005|| aca||aabn | a|a d

040 ## - CATALOGING SOURCE

  • Original cataloging agency: OSt
  • Transcribing agency: OSt

100 ## - HEADING--PERSONAL NAME

  • Personal name: Desroches-Noblecourt Christiane

670 ## - SOURCE DATA FOUND

  • Source citation: Work cat.: (OSt)1047517: Desroches-Noblecourt Christiane, Life and death of a pharaoh , 1963
Copyright @ Delhi University Library System